[Event "Barcelona Tres Peons op"]
[Site "Barcelona"]
[Date "1999.??.??"]
[Round "3"]
[White "Fernandez Pena Diaz, Javier"]
[Black "Rodriguez Martin, Manuel Maria"]
[Result "1-0"]
[WhiteElo "2145"]
[BlackElo "1980"]
[PlyCount "136"]
[EventDate "1999.??.??"]
[EventType "swiss"]
[EventRounds "9"]
[EventCountry "ESP"]
[SourceTitle "EXT 2000"]
[Source "ChessBase"]
[SourceDate "1999.11.16"]
[SourceVersion "1"]
[SourceVersionDate "1999.11.16"]
[SourceQuality "1"]

1. Nf3 d5 2. g3 Nf6 3. Bg2 Nc6 4. d4 Bf5 5. 0-0 e6 6. c4 Be7 7. Nc3 h6 8. cxd5 exd5 9. Bf4 a6 10. Ne5 0-0 11. Nxc6 bxc6 12. Rc1 Qd7 13. Na4 Rab8 14. Qd2 Rb5 15. Qc3 c5 16. Nxc5 Bxc5 17. dxc5 Rfb8 18. c6 Qe7 19. Qe5 Qxe5 20. Bxe5 Ne8 21. Rfd1 Be6 22. e3 f6 23. Bd4 Nd6 24. b3 Ra5 25. Rc2 Bf5 26. Rc5 Rxa2 27. Bxd5+ Kf8 28. Rcc1 Bg4 29. Ra1 Rc2 30. Rdc1 Rxc1+ 31. Rxc1 Rb5 32. Rc5 Be2 33. Rxb5 Nxb5 34. Bc5+ Ke8 35. f3 Nc3 36. Kf2 Bb5 37. Bc4 Bxc6 38. Bxa6 Bd5 39. Bc4 Bxc4 40. bxc4 Na4 41. Bd4 c5 42. Ba1 Nb6 43. Ke2 Nxc4 44. Kd3 Nd6 45. e4 Kd7 46. g4 Ke6 47. h4 g5 48. h5 Ke7 49. Bb2 Ke6 50. Ba3 Nf7 51. Bxc5 Ne5+ 52. Ke3 Nc4+ 53. Ke2 Ne5 54. Bf8 Nf7 55. Ke3 Ke5 56. Bg7 Ke6 57. f4 Kd7 58. fxg5 fxg5 59. Kd4 Ke6 60. e5 Nd8 61. Ke4 Nc6 62. Bf6 Nb8 63. Kd4 Nc6+ 64. Ke4 Nb8 65. Bh8 Nd7 66. Bg7 Nc5+ 67. Kf3 Nd7 68. Bxh6 Nxe5+ 1-0

[Event "Barcelona Tres Peons op"]
[Site "Barcelona"]
[Date "1999.??.??"]
[Round "8"]
[White "Severri Arrese, Carlos"]
[Black "Fernandez Pena Diaz, Javier"]
[Result "1-0"]
[WhiteElo "2140"]
[BlackElo "2145"]
[PlyCount "111"]
[EventDate "1999.??.??"]
[EventType "swiss"]
[EventRounds "9"]
[EventCountry "ESP"]
[SourceTitle "EXT 2000"]
[Source "ChessBase"]
[SourceDate "1999.11.16"]
[SourceVersion "1"]
[SourceVersionDate "1999.11.16"]
[SourceQuality "1"]

1. e4 e6 2. d4 d5 3. Nc3 Bb4 4. e5 c5 5. Bd2 Ne7 6. a3 Bxc3 7. bxc3 Nbc6 8. Bd3 c4 9. Be2 Qa5 10. f4 Bd7 11. Nf3 0-0-0 12. 0-0 Qa4 13. Kh1 f6 14. Be3 Nf5 15. Bf2 Rdf8 16. Qd2 h5 17. Rfb1 h4 18. h3 Qa5 19. Qe1 fxe5 20. dxe5 Ng3+ 21. Bxg3 hxg3 22. Qd2 Kb8 23. Bxc4 Qc5 24. Ba6 b6 25. Nd4 g5 26. fxg5 Nxe5 27. Qe1 Ng6 28. Qxg3+ e5 29. Bb5 Bxb5 30. Rxb5 Qc4 31. Rb4 Rf1+ 32. Rxf1 Qxf1+ 33. Kh2 Kb7 34. Qf3 Qxf3 35. Nxf3 e4 36. Nd4 Rf8 37. Kg1 e3 38. Rb1 Rc8 39. Ne2 Ne5 40. Rd1 Kc6 41. h4 Kd6 42. Rd4 Rh8 43. Kf1 Nc4 44. g3 Nd2+ 45. Kg2 Rf8 46. Rf4 Rc8 47. g6 Ne4 48. g4 Ke5 49. Rf5+ Ke6 50. Kf3 Nf6 51. h5 Rc4 52. Nd4+ Ke7 53. Re5+ Kf8 54. Rxe3 Ne4 55. h6 Rc8 56. Nf5 1-0